[Event "KL Chess Open 2014"]
[Site "Kuala Lumpur MAS"]
[Date "2014.04.04"]
[Round "1.2"]
[White "Montoya, Edsel"]
[Black "Atalik, Suat"]
[Result "0-1"]
[BlackTitle "GM"]
[WhiteElo "2185"]
[BlackElo "2562"]
[WhiteFideId "5203147"]
[BlackFideId "14401487"]
[EventDate "2014.04.04"]

1. c4 Nf6 2. d4 g6 3. Nc3 d5 4. Nf3 Bg7 5. cxd5 Nxd5 6. e4 Nxc3 7. bxc3 c5 8.
Rb1 O-O 9. Be2 b6 10. Qd2 Nd7 11. O-O e5 12. d5 Nf6 13. Bd3 c4 14. Bc2 Ne8 15.
Ba3 Nd6 16. Qe3 f5 17. Qe2 f4 18. Bxd6 Qxd6 19. Qxc4 Bg4 20. Qb4 Qf6 21. Bd1
Rfd8 22. h3 Bf8 23. Qa3 Bd7 24. Qa6 g5 25. Nh2 Qg6 26. Ba4 Bc5 27. Bxd7 Rxd7 28.
Qd3 h5 29. g3 fxg3 30. Qxg3 Qxe4 31. Rbe1 Qf4 32. Kg2 Rxd5 33. c4 Qxg3+ 34. fxg3
Rd2+ 35. Kh1 Rf8 36. Rxf8+ Kxf8 37. Nf3 Rxa2 38. Nxg5 Bf2 39. Rxe5 Bxg3 40. Rf5+
Ke8 41. Ne4 h4 42. Rg5 Be1 43. c5 bxc5 44. Nxc5 Re2 45. Rg4 Re3 46. Kh2 a5 47.
Ra4 Bb4 48. Nb7 Re5 49. Nxa5 Bxa5 50. Rxh4 Kf7 51. Kg2 Kg6 52. Kf3 Bd8 53. Re4
Rf5+ 54. Kg2 Bf6 55. Rc4 Kh5 56. Ra4 Bh4 57. Rg4 Rf2+ 58. Kg1 Ra2 59. Rc4 Bf2+
60. Kg2 Ba7+ 61. Kf3 Ra3+ 62. Kg2 Ra2+ 63. Kf3 Rb2 64. Ra4 Bb6 65. Rc4 Rb3+ 66.
Kg2 Kg5 67. Rg4+ Kf5 68. Rc4 Be3 69. Rc8 Bf4 70. Rg8 Ke4 71. h4 Rb2+ 72. Kh1 0-1

[Event "KL Chess Open 2014"]
[Site "Kuala Lumpur MAS"]
[Date "2014.04.04"]
[Round "1.3"]
[White "Gomez, John Paul"]
[Black "Setyaki, Azarya Jodi"]
[Result "1-0"]
[WhiteTitle "GM"]
[BlackTitle "CM"]
[WhiteElo "2524"]
[BlackElo "2181"]
[WhiteFideId "5201381"]
[BlackFideId "7101589"]
[EventDate "2014.04.04"]

1. d4 Nf6 2. c4 g6 3. Nc3 d5 4. Nf3 Bg7 5. Qa4+ Bd7 6. Qb3 dxc4 7. Qxc4 O-O 8.
Bf4 Na6 9. e4 c5 10. e5 Nh5 11. Be3 cxd4 12. Qxd4 Bc6 13. Be2 Bxf3 14. Bxf3 Qxd4
15. Bxd4 Nb4 16. O-O-O Nf4 17. Kb1 Ne6 18. Na4 Rad8 19. Bc5 Nxc5 20. Nxc5 Rxd1+
21. Rxd1 Rc8 22. Nxb7 Bxe5 23. a3 Na6 24. g3 Rc7 25. Rd5 Bf6 26. Ra5 Nb8 27.
Rxa7 Nd7 28. Ra8+ Kg7 29. Nd8 Nc5 30. Nc6 Rd7 31. Rd8 Rc7 32. b4 e5 33. Rd6 Na4
34. Kc2 e4 35. Bxe4 Nc3 36. Bd3 Na4 37. Kb3 Nb6 38. Be4 Nc8 39. Rd3 Na7 40. Nxa7
Rxa7 41. a4 1-0

[Event "KL Chess Open 2014"]
[Site "Kuala Lumpur MAS"]
[Date "2014.04.04"]
[Round "1.4"]
[White "Dewi, Aa Citra"]
[Black "Deepan, Chakkravarthy J."]
[Result "0-1"]
[WhiteTitle "WFM"]
[BlackTitle "GM"]
[WhiteElo "2154"]
[BlackElo "2515"]
[WhiteFideId "7101244"]
[BlackFideId "5011132"]
[EventDate "2014.04.04"]

1. e4 c5 2. Nf3 e6 3. d4 cxd4 4. Nxd4 a6 5. Bd3 Nf6 6. O-O Qc7 7. c4 Nc6 8. Nxc6
dxc6 9. f4 e5 10. f5 Bc5+ 11. Kh1 h6 12. Nc3 b6 13. Rb1 a5 14. Qf3 O-O 15. Ne2
Rd8 16. b3 Bb7 17. Bc2 Qe7 18. Qg3 Kh7 19. Qh3 b5 20. g4 Ng8 21. g5 Rd6 22. Ng3
f6 23. gxh6 Nxh6 24. Bd1 Rh8 25. Be2 b4 26. Nh5 Kg8 27. Qg2 Kf8 28. Rf3 Ng8 29.
Rg3 Rh7 30. Rb2 Qd7 31. Qf3 Bd4 32. Rc2 c5 33. Bd3 Bc3 34. Rxc3 bxc3 35. Bc2 Rd2
36. Bxd2 cxd2 37. Rg1 Qd4 38. Ng3 Rh4 39. Rd1 Nh6 40. Qg2 Ng4 41. Rxd2 Nxh2 42.
Qxh2 Rxh2+ 43. Rxh2 Qa1+ 44. Kg2 Qxa2 45. Kf3 a4 46. Rh8+ Kf7 47. Rb8 Bc6 48.
Bd3 Qd2 49. Be2 a3 50. Rb6 a2 51. Ra6 a1=Q 52. Rxa1 Qc3+ 53. Kf2 Qxa1 54. Bd3
Qb2+ 55. Ke3 Qxb3 56. Ne2 Ke7 57. Kd2 Qb2+ 58. Ke3 Be8 59. Ng3 Qc1+ 60. Kf2 Bf7 0-1

[Event "KL Chess Open 2014"]
[Site "Kuala Lumpur MAS"]
[Date "2014.04.04"]
[Round "1.5"]
[White "Venkatesh, M.R."]
[Black "Paril, Gabriel"]
[Result "1-0"]
[WhiteTitle "GM"]
[WhiteElo "2515"]
[BlackElo "2140"]
[WhiteFideId "5005779"]
[BlackFideId "5203309"]
[EventDate "2014.04.04"]

1. e4 c5 2. Nc3 Nc6 3. Bb5 e6 4. Bxc6 bxc6 5. d3 Ne7 6. f4 Ng6 7. Nf3 Be7 8. O-O
O-O 9. f5 Nh8 10. Ne5 f6 11. Ng4 exf5 12. exf5 Nf7 13. Ne4 d5 14. Ng3 Rb8 15.
Qe1 Nd6 16. Qf2 Kh8 17. b3 c4 18. Be3 a5 19. dxc4 Qe8 20. c5 Nf7 21. Bd4 a4 22.
Qf4 Ba6 23. Rfe1 Qd7 24. Nh5 Ne5 25. Rxe5 fxe5 26. Qxe5 Rf7 27. Qxg7+ Rxg7 28.
Bxg7+ 1-0

[Event "KL Chess Open 2014"]
[Site "Kuala Lumpur MAS"]
[Date "2014.04.04"]
[Round "1.6"]
[White "Alahakoon, Isuru"]
[Black "Nguyen, Duc Hoa"]
[Result "0-1"]
[BlackTitle "IM"]
[WhiteElo "2120"]
[BlackElo "2508"]
[WhiteFideId "9900993"]
[BlackFideId "12401358"]
[EventDate "2014.04.04"]

1. e4 c5 2. Nc3 a6 3. f4 b5 4. Nf3 Bb7 5. d3 e6 6. g3 d5 7. Bg2 b4 8. Nb1 dxe4
9. Ng5 Nf6 10. Nd2 Ra7 11. Ngxe4 Nd5 12. Qe2 Nc6 13. Nb3 Nd4 14. Nxd4 cxd4 15.
f5 e5 16. O-O Be7 17. Qg4 Kf8 18. Qh5 Kg8 19. f6 Bxf6 20. Bg5 h6 21. Rxf6 Nxf6
22. Nxf6+ gxf6 23. Bxh6 Rh7 24. Rf1 Bxg2 25. Kxg2 Rc7 26. Rf2 Kh8 27. Qh4 Rc6
28. Kg1 Qd6 29. Qh3 f5 30. Rxf5 Rxh6 0-1

[Event "KL Chess Open 2014"]
[Site "Kuala Lumpur MAS"]
[Date "2014.04.04"]
[Round "1.7"]
[White "Dzhumaev, Marat"]
[Black "Calvelo, Jelvis"]
[Result "1-0"]
[WhiteTitle "GM"]
[WhiteElo "2496"]
[BlackElo "2115"]
[WhiteFideId "14200236"]
[BlackFideId "5208009"]
[EventDate "2014.04.04"]

1. e4 e6 2. d4 d5 3. Nc3 dxe4 4. Nxe4 Bd7 5. c4 Bc6 6. Nc3 Nf6 7. Be3 Be7 8. Nf3
Bxf3 9. Qxf3 c6 10. Rd1 Qa5 11. Bd3 O-O 12. O-O Rd8 13. a3 Qh5 14. Qxh5 Nxh5 15.
d5 exd5 16. cxd5 Nf6 17. Bc4 cxd5 18. Nxd5 Nxd5 19. Bxd5 Nc6 20. Bxc6 bxc6 21.
Rxd8+ Bxd8 22. Rc1 Bf6 23. Rxc6 Bxb2 24. Ra6 h6 25. g3 Rd8 26. Kg2 Bd4 27. Bxd4
Rxd4 28. Rxa7 Rd2 29. h4 g6 30. g4 Kg7 31. Kg3 Kf6 32. Ra6+ Kg7 33. Ra5 Kf6 34.
Ra6+ Kg7 35. a4 Rd1 36. f3 Rg1+ 37. Kh2 Ra1 38. g5 h5 39. Ra8 f5 40. Ra7+ Kg8
41. Kg3 Rc1 42. Kf4 Rc4+ 43. Ke5 Rc5+ 44. Kd4 Rc1 45. a5 Rh1 46. Ke5 Rxh4 47.
Kf6 Rf4 48. Kxg6 1-0

[Event "KL Chess Open 2014"]
[Site "Kuala Lumpur MAS"]
[Date "2014.04.04"]
[Round "1.8"]
[White "Kulpruethanon, Thanadon"]
[Black "Nguyen, Huynh Minh Huy"]
[Result "0-1"]
[BlackTitle "IM"]
[WhiteElo "2113"]
[BlackElo "2474"]
[WhiteFideId "6201610"]
[BlackFideId "12401269"]
[EventDate "2014.04.04"]

1. Nf3 d5 2. g3 c6 3. c4 Nf6 4. Bg2 dxc4 5. Qc2 Qd5 6. b3 cxb3 7. axb3 e6 8. Nc3
Qd8 9. O-O Na6 10. d4 Nb4 11. Qb2 b6 12. Rd1 Bb7 13. Ne5 Be7 14. Nc4 Nfd5 15. e4
Nxc3 16. Qxc3 O-O 17. Bb2 f6 18. Bh3 Bc8 19. Ne3 Re8 20. Ba3 a5 21. Bxb4 Bxb4
22. Qxc6 Bd7 23. Qb7 Bb5 24. e5 Be2 25. d5 Rb8 26. Bxe6+ Kh8 27. Qc6 fxe5 28.
Nc4 Qf6 29. Nxb6 Qf3 30. Rf1 Bd3 31. Rae1 Bxe1 32. Rxe1 Be4 33. Rxe4 Qxe4 34.
Nc8 Rf8 35. Nd6 Qe1+ 0-1

[Event "KL Chess Open 2014"]
[Site "Kuala Lumpur MAS"]
[Date "2014.04.04"]
[Round "1.9"]
[White "Murshed, Niaz"]
[Black "Anisuzzaman, Jewel"]
[Result "1-0"]
[WhiteTitle "GM"]
[WhiteElo "2464"]
[BlackElo "2110"]
[WhiteFideId "10200010"]
[BlackFideId "10204695"]
[EventDate "2014.04.04"]

1. d4 d6 2. e4 g6 3. Nc3 a6 4. Nf3 b5 5. Bd3 Bb7 6. O-O Nd7 7. Re1 Bg7 8. a4 b4
9. Na2 c5 10. dxc5 dxc5 11. c3 Qb6 12. cxb4 cxb4 13. Be3 Qd6 14. Qb3 a5 15. Rad1
Rd8 16. Bc4 Qf6 17. e5 Qf5 18. Nd4 Qxe5 19. Bxf7+ Kf8 20. Ne6+ Kxf7 21. Ng5+ 1-0

[Event "KL Chess Open 2014"]
[Site "Kuala Lumpur MAS"]
[Date "2014.04.04"]
[Round "1.10"]
[White "Vu, Phi Hung"]
[Black "Das, Arghyadip"]
[Result "0-1"]
[BlackTitle "IM"]
[WhiteElo "2095"]
[BlackElo "2460"]
[WhiteFideId "12404527"]
[BlackFideId "5003610"]
[EventDate "2014.04.04"]

1. e4 c5 2. c3 Nf6 3. e5 Nd5 4. d4 cxd4 5. cxd4 e6 6. Nf3 d6 7. Bd2 Bd7 8. Nc3
Bc6 9. Bc4 Nb6 10. Bb5 Be7 11. O-O O-O 12. Bf4 Nd5 13. Bxc6 Nxc3 14. bxc3 Nxc6
15. Rb1 b6 16. exd6 Bxd6 17. Bxd6 Qxd6 18. Re1 Na5 19. Ne5 Rac8 20. Re3 Nc4 21.
Rh3 Nxe5 22. Qh5 h6 23. Qxe5 Qxe5 24. dxe5 Rfd8 25. g4 Rc4 26. Rg3 Re4 27. Rb5
Rd2 28. Rb4 Rxe5 29. a4 Rc5 30. Rf4 f6 31. Re4 e5 32. h4 Kf7 33. g5 hxg5 34.
hxg5 f5 35. Rb4 Kg6 36. f4 exf4 37. Rxf4 Re5 38. Kf1 Re4 39. Rxe4 fxe4 40. Re3
Kf5 41. a5 b5 42. a6 Ra2 43. Re1 Kf4 44. Rb1 Kf3 45. Kg1 e3 46. Rxb5 Ra1+ 0-1

[Event "KL Chess Open 2014"]
[Site "Kuala Lumpur MAS"]
[Date "2014.04.04"]
[Round "1.11"]
[White "Nguyen, Anh Dung"]
[Black "Yogesh, Gautam"]
[Result "1-0"]
[WhiteTitle "GM"]
[WhiteElo "2453"]
[BlackElo "2091"]
[WhiteFideId "12400025"]
[BlackFideId "5009324"]
[EventDate "2014.04.04"]

1. d4 d5 2. c4 e6 3. Nc3 Be7 4. Bf4 Nf6 5. e3 O-O 6. Nf3 b6 7. Bd3 c5 8. cxd5
exd5 9. Ne5 Bb7 10. O-O Nc6 11. Rc1 a6 12. Qf3 c4 13. Nxc6 Bxc6 14. Bxc4 dxc4
15. Qxc6 b5 16. a4 b4 17. Ne2 Rc8 18. Qxa6 Ne4 19. f3 Ra8 20. Qb5 Nf6 21. Rxc4
Nd5 22. e4 Nxf4 23. Nxf4 Ra5 24. Qc6 Bg5 25. Nd5 Bd2 26. Rd1 Qg5 27. Qd6 Rxd5
28. Qxd5 Qe3+ 29. Kh1 Qe2 30. Ra1 Be1 31. h3 Bg3 32. Rxb4 g6 33. Qc4 Qd2 34. a5
Bf4 35. Rf1 Kg7 36. a6 Rc8 37. Qxc8 Qxb4 38. a7 Qb5 39. Ra1 Qg5 1-0

[Event "KL Chess Open 2014"]
[Site "Kuala Lumpur MAS"]
[Date "2014.04.04"]
[Round "1.12"]
[White "Wiwatanadate, Poompong"]
[Black "Laxman, R.R."]
[Result "0-1"]
[BlackTitle "GM"]
[WhiteElo "2078"]
[BlackElo "2449"]
[WhiteFideId "6201083"]
[BlackFideId "5005361"]
[EventDate "2014.04.04"]

1. d4 Nf6 2. c4 e6 3. Nc3 Bb4 4. e3 d5 5. Bd3 O-O 6. Nf3 c5 7. O-O Nc6 8. a3
Bxc3 9. bxc3 dxc4 10. Bxc4 Qc7 11. Bb2 b6 12. Re1 e5 13. h3 e4 14. Nd2 Na5 15.
Ba2 c4 16. f3 Bb7 17. Qe2 Rac8 18. a4 exf3 19. gxf3 Rfe8 20. Qg2 Re6 21. Bb1
Rce8 22. Nf1 Nd5 23. Kf2 Nb3 24. Ra2 Qe7 25. e4 Rg6 26. Qh2 Qh4+ 27. Ng3 Nf4 28.
Rh1 Nd2 29. Bc1 Nxb1 30. Bxf4 Nxc3 31. Ra3 Qxf4 32. Rxc3 Rxg3 0-1

[Event "KL Chess Open 2014"]
[Site "Kuala Lumpur MAS"]
[Date "2014.04.04"]
[Round "1.13"]
[White "Kuderinov, Kirill"]
[Black "Ngo, Thi Kim Tuyen"]
[Result "1-0"]
[WhiteTitle "IM"]
[WhiteElo "2448"]
[BlackElo "2075"]
[WhiteFideId "13701568"]
[BlackFideId "12400505"]
[EventDate "2014.04.04"]

1. e4 c5 2. Nf3 d6 3. d4 cxd4 4. Nxd4 Nf6 5. Nc3 a6 6. Be2 e6 7. g4 Be7 8. Be3
Qc7 9. g5 Nfd7 10. f4 b5 11. Bd3 b4 12. Nce2 Bb7 13. Rf1 Nc5 14. Ng3 Nbd7 15.
Qe2 Na4 16. Nh5 Rg8 17. f5 e5 18. f6 gxf6 19. gxf6 Bf8 20. Ne6 Qc6 21. O-O-O Rg6
22. Nxf8 Kxf8 23. Qd2 Ndc5 24. Qxb4 Rc8 25. Bxc5 dxc5 26. Qa3 Kg8 27. Bc4 Nb6
28. Bd5 Nxd5 29. exd5 Qd7 30. Qe3 Qg4 31. Qxe5 Qg5+ 32. Qxg5 Rxg5 33. Rg1 Rxg1
34. Rxg1+ Kf8 35. c4 Re8 36. Ng3 Re3 37. Kd2 Rf3 38. Rf1 Rxf1 39. Nxf1 Bc8 40.
Ng3 1-0

[Event "KL Chess Open 2014"]
[Site "Kuala Lumpur MAS"]
[Date "2014.04.04"]
[Round "1.14"]
[White "Yap, Abel Jinwei"]
[Black "Lazarev, Vladimir"]
[Result "0-1"]
[BlackTitle "GM"]
[WhiteElo "2073"]
[BlackElo "2441"]
[WhiteFideId "5701872"]
[BlackFideId "4113250"]
[EventDate "2014.04.04"]

1. d4 Nf6 2. Nf3 c5 3. c4 cxd4 4. Nxd4 Nc6 5. Nc3 Qb6 6. Nc2 e6 7. e4 Be7 8. Be2
O-O 9. O-O d6 10. b3 Qc7 11. Bf4 Rd8 12. Qd3 a6 13. a4 b6 14. Rfd1 Bb7 15. Rab1
Rac8 16. Qe3 Ne5 17. Bg3 h6 18. h3 Kh8 19. Kh2 Ned7 20. Kg1 Qb8 21. f3 Qc7 22.
Qd2 Nf8 23. Ne3 Ng6 24. Bf1 Qb8 25. b4 Qc7 26. Rbc1 Nh5 27. Bh2 Qc6 28. g3 Nf6
29. Be2 Qc7 30. g4 Qb8 31. Qd4 Qc7 32. Bg3 Ne8 33. Kg2 Bf6 34. Qd2 Be5 35. Qe1
Qe7 36. Bf1 Bxg3 37. Qxg3 Qg5 38. Kf2 a5 39. b5 Qc5 40. h4 Ne7 41. Re1 Rd7 42.
Kg2 g5 43. Qf2 Ng6 44. h5 Nf4+ 45. Kh1 Ng7 46. Rcd1 f5 47. Kg1 fxg4 48. Nxg4
Ngxh5 49. Qxc5 Rxc5 50. Nxh6 Kg7 51. Ng4 Nf6 52. Ne3 Kf7 53. Bg2 Ke7 54. Kf2 Rd8
55. Rh1 Rf8 56. Kg3 Rcc8 57. Rd2 Rh8 58. Rxh8 Rxh8 59. Ne2 Nxg2 60. Kxg2 Rg8 61.
Nc3 Nd7 62. Kg3 Rh8 63. Rh2 Rxh2 64. Kxh2 Ne5 65. Kg3 Nd3 66. Kg2 Kf6 67. Ng4+
Ke7 68. Ne3 Bc8 69. Kg3 Nc5 70. Kf2 Bd7 71. Ng4 Be8 72. Ke3 Bh5 73. Nf2 Kf6 74.
Kd4 Bxf3 75. Ke3 Bh5 76. Nh3 g4 77. Nf4 Bf7 78. Nfe2 e5 79. Ng3 Bxc4 80. Nf5 d5
81. exd5 Bxd5 0-1

[Event "KL Chess Open 2014"]
[Site "Kuala Lumpur MAS"]
[Date "2014.04.04"]
[Round "1.15"]
[White "Ly, Moulthun"]
[Black "Thipsay, Bagyashree Sathe"]
[Result "1/2-1/2"]
[WhiteTitle "IM"]
[BlackTitle "WIM"]
[WhiteElo "2440"]
[BlackElo "2061"]
[WhiteFideId "3204405"]
[BlackFideId "5001013"]
[EventDate "2014.04.04"]

1. e4 c6 2. d4 d5 3. e5 Bf5 4. Nf3 e6 5. Be2 Nd7 6. O-O Bg6 7. Nbd2 Nh6 8. Nb3
Nf5 9. a4 Rc8 10. a5 Be7 11. Bf4 O-O 12. c3 c5 13. g4 Nh4 14. Nxh4 Bxh4 15. Nxc5
Nxc5 16. dxc5 Rxc5 17. a6 b6 18. Be3 Rc8 19. f4 f5 20. g5 h6 21. gxh6 gxh6 22.
Kh1 Kh7 23. Rg1 Rg8 24. Bd4 Bf7 25. Qd3 Be7 26. b4 Qd7 27. Qh3 Rxg1+ 28. Rxg1
Qe8 29. Qg3 Qh8 30. Qh3 Qe8 31. Rg3 Qa4 32. Qf1 Rg8 33. Bb5 Qa3 34. Bd3 Bh5 35.
Kg1 Rxg3+ 36. hxg3 Bg4 37. Be2 h5 38. Bxg4 hxg4 39. Qb5 Qc1+ 40. Kf2 Qc2+ 41.
Qe2 Qa4 42. Ke3 Kg6 43. Kf2 1/2-1/2

[Event "KL Chess Open 2014"]
[Site "Kuala Lumpur MAS"]
[Date "2014.04.04"]
[Round "1.16"]
[White "Ram, Aravind L N"]
[Black "Neelotpal, Das"]
[Result "0-1"]
[WhiteTitle "FM"]
[BlackTitle "GM"]
[WhiteElo "2054"]
[BlackElo "2428"]
[WhiteFideId "25033760"]
[BlackFideId "5003512"]
[EventDate "2014.04.04"]

1. e4 e6 2. d4 d5 3. exd5 exd5 4. Bd3 Bd6 5. Qf3 Nf6 6. h3 O-O 7. Ne2 c5 8. dxc5
Bxc5 9. Bg5 Qa5+ 10. c3 Ne4 11. Be3 Qb6 12. Bxc5 Nxc5 13. b3 Nc6 14. Bc2 d4 15.
O-O Ne6 16. Nd2 Rd8 17. Nc4 Qc7 18. Rad1 b5 19. Nb2 Bb7 20. Qf5 g6 21. Qf6 Nb4
22. Bxg6 dxc3 23. Bxh7+ Kxh7 24. Qh4+ Kg8 25. Qxb4 cxb2 26. Qg4+ Ng7 27. Rde1
Re8 28. Qd4 b1=Q 29. Rxb1 Rxe2 30. Rbc1 Qe7 31. Qg4 Rd8 32. Qg3 Rd6 33. Qf4 Rg6 0-1

[Event "KL Chess Open 2014"]
[Site "Kuala Lumpur MAS"]
[Date "2014.04.04"]
[Round "1.17"]
[White "Nguyen, Van Huy"]
[Black "Swati, Mohota"]
[Result "1-0"]
[WhiteTitle "IM"]
[BlackTitle "WFM"]
[WhiteElo "2423"]
[BlackElo "2046"]
[WhiteFideId "12401064"]
[BlackFideId "5006511"]
[EventDate "2014.04.04"]

1. d4 d5 2. Nf3 Nf6 3. c4 c6 4. Qb3 e6 5. g3 Be7 6. Bg2 Nbd7 7. O-O O-O 8. Nc3
b6 9. Bf4 Ba6 10. cxd5 Nxd5 11. Qa4 Nxf4 12. gxf4 Bb7 13. Rfd1 b5 14. Qc2 Qb6
15. a4 a6 16. f5 exf5 17. Qxf5 Rad8 18. e4 Nf6 19. e5 Nd5 20. a5 Qc7 21. Nxd5
cxd5 22. Rdc1 Qb8 23. Ne1 g6 24. Qh3 Rc8 25. Nd3 Rc4 26. Qe3 Qc7 27. b4 Qd7 28.
Nc5 Bxc5 29. bxc5 Qg4 30. Rd1 Rc8 31. Rd2 g5 32. Qg3 Qxg3 33. hxg3 f6 34. f4
gxf4 35. gxf4 Kf7 36. Kf2 fxe5 37. fxe5 Ke7 38. Rh1 Rf8+ 39. Ke2 Ra4 40. Rxh7+
Rf7 41. Rh6 Rxa5 42. c6 Bc8 43. Bxd5 Bg4+ 44. Ke3 Rf8 45. Be4 b4 46. d5 b3 47.
Rh7+ Kd8 48. Rb7 Ra3 49. Rb8+ Bc8 50. Rd3 Rh8 51. Rdxb3 Rh3+ 52. Bf3 Rxb3+ 53.
Rxb3 Bg4 54. Kf4 1-0

[Event "KL Chess Open 2014"]
[Site "Kuala Lumpur MAS"]
[Date "2014.04.04"]
[Round "1.18"]
[White "Ismail, Ahmad"]
[Black "Nolte, Rolando"]
[Result "0-1"]
[BlackTitle "IM"]
[WhiteElo "2035"]
[BlackElo "2417"]
[WhiteFideId "5700655"]
[BlackFideId "5200636"]
[EventDate "2014.04.04"]

1. d4 Nf6 2. Nc3 d5 3. Bg5 Nbd7 4. Nf3 h6 5. Bh4 e6 6. e3 c5 7. Bxf6 Nxf6 8.
Bb5+ Bd7 9. Bxd7+ Qxd7 10. O-O a6 11. Ne5 Qc7 12. a4 Rc8 13. f4 Bd6 14. Qd3 O-O
15. h3 cxd4 16. exd4 Qb6 17. Rab1 Rc7 18. Kh1 Rfc8 19. f5 exf5 20. Qxf5 Qxd4 21.
Nxf7 Kxf7 22. Rbe1 Re8 23. Qh5+ g6 24. Qxh6 Rxe1 25. Qh7+ Kf8 26. Qh8+ Ke7 27.
Rxe1+ Kd7 28. Nxd5 Qxd5 29. Qxf6 Qf5 30. Qh8 Rxc2 31. Qg7+ Kc6 32. b4 Qg5 0-1

[Event "KL Chess Open 2014"]
[Site "Kuala Lumpur MAS"]
[Date "2014.04.04"]
[Round "1.19"]
[White "Aravindh, Chithambaram VR."]
[Black "Mohammad Fahad, Rahman"]
[Result "1-0"]
[WhiteTitle "FM"]
[BlackTitle "FM"]
[WhiteElo "2417"]
[BlackElo "2008"]
[WhiteFideId "5072786"]
[BlackFideId "10207791"]
[EventDate "2014.04.04"]

1. e4 c5 2. Nf3 d6 3. d4 cxd4 4. Nxd4 Nf6 5. Nc3 a6 6. Be2 e5 7. Nb3 Be7 8. O-O
O-O 9. Kh1 Nc6 10. f4 exf4 11. Bxf4 Be6 12. Qe1 Nd7 13. Rd1 Qc7 14. Qg3 Nde5 15.
Nd5 Bxd5 16. exd5 Nb8 17. Bxe5 dxe5 18. c4 Bd6 19. c5 Bxc5 20. Rc1 b6 21. Nd4
Qd7 22. Nf5 g6 23. d6 Ra7 24. b4 Bxb4 25. Qh4 Bd2 26. Ne7+ Kg7 27. Qf6+ Kh6 28.
Rf5 1-0

[Event "KL Chess Open 2014"]
[Site "Kuala Lumpur MAS"]
[Date "2014.04.04"]
[Round "1.20"]
[White "Ong, Way Justin"]
[Black "Bitoon, Richard"]
[Result "1/2-1/2"]
[BlackTitle "GM"]
[WhiteElo "1985"]
[BlackElo "2414"]
[WhiteFideId "5703565"]
[BlackFideId "5201110"]
[EventDate "2014.04.04"]

1. e4 c5 2. Nf3 Nc6 3. d4 cxd4 4. Nxd4 Qb6 5. Nb3 Nf6 6. Nc3 e6 7. Be3 Qc7 8. a3
d6 9. Be2 a6 10. g4 b5 11. f4 Be7 12. O-O h6 13. Bf3 Bb7 14. Qe2 g5 15. f5 Ne5
16. fxe6 fxe6 17. Nd4 Qd7 18. Rf2 O-O 19. Bd2 Rac8 20. h4 Rc4 21. hxg5 hxg5 22.
Qe3 Nh7 23. Raf1 Rxf3 24. Nxf3 Nxg4 25. Qd3 Nxf2 26. Rxf2 Qc6 27. Nxg5 Bxg5 28.
Rg2 Rxc3 29. bxc3 Qxe4 30. Qxe4 Bxe4 31. Rg3 Kf7 32. Bxg5 Bxc2 33. Bh6 Bg6 34.
Kf2 Nf6 35. Ke3 e5 36. Rg1 Nd5+ 37. Kd2 Nb6 38. Ke2 Nc4 39. Bc1 Bh5+ 40. Kf2 d5
41. Kg3 Be2 42. Re1 Bd3 43. Kg4 a5 44. Kg5 Ke7 45. Rh1 Nd6 46. Rh4 Bc2 47. Be3
Nf7+ 48. Kg4 Bd1+ 49. Kg3 Ke6 50. Bb6 a4 51. Kf2 Bc2 52. Bc5 Kd7 53. Ke3 Nd6 54.
Ke2 Ne4 55. Bb4 Ke6 56. Ke3 Nf6 57. Kd2 Bb3 58. Rh8 Bc4 59. Rc8 Ng4 60. Bc5 Nf6
61. Bb4 Nd7 62. Rd8 Nf6 63. Rf8 Ne4+ 64. Ke3 Nf6 65. Kd2 Ng4 66. Bc5 Nf6 1/2-1/2

[Event "KL Chess Open 2014"]
[Site "Kuala Lumpur MAS"]
[Date "2014.04.04"]
[Round "1.21"]
[White "Ramnath Bhuvanesh, R"]
[Black "Grafil, Franz Robert"]
[Result "1-0"]
[WhiteTitle "IM"]
[WhiteElo "2408"]
[BlackElo "1972"]
[WhiteFideId "5026598"]
[BlackFideId "5205298"]
[EventDate "2014.04.04"]

1. e4 e6 2. f4 d5 3. e5 c5 4. Nf3 Nc6 5. c3 Nh6 6. Na3 Nf5 7. Nc2 d4 8. Bd3 Be7
9. Qe2 h5 10. Be4 Qb6 11. d3 Bd7 12. O-O O-O-O 13. Nd2 Qc7 14. Nf3 Qb6 15. c4 a5
16. b3 Kc7 17. Bd2 Ra8 18. Rab1 Nb4 19. Nce1 Ra6 20. a3 Nc6 21. Nc2 Rha8 22. Rb2
Qa7 23. Rfb1 Rb6 24. Ng5 Bxg5 25. fxg5 g6 26. b4 a4 27. bxc5 Rxb2 28. Rxb2 Qxc5
29. Rb5 Qe7 30. Qe1 Bc8 31. Qb1 Ra6 32. Nb4 Nxb4 33. Rxb4 Qc5 34. Rxb7+ Kd8 35.
Rb5 Qxa3 36. Bb4 Qb3 37. Ba5+ Rxa5 38. Rxb3 axb3 39. Qxb3 Rxe5 40. Qb6+ Kd7 41.
Bc6+ Kd6 42. c5+ Rxc5 43. Be4+ 1-0

[Event "KL Chess Open 2014"]
[Site "Kuala Lumpur MAS"]
[Date "2014.04.04"]
[Round "1.22"]
[White "Kamis, Kamarunsalehin"]
[Black "Dimakiling, Oliver"]
[Result "0-1"]
[BlackTitle "IM"]
[WhiteElo "1946"]
[BlackElo "2379"]
[WhiteFideId "10500170"]
[BlackFideId "5202248"]
[EventDate "2014.04.04"]

1. d4 Nf6 2. c4 e6 3. Nc3 d5 4. cxd5 exd5 5. Bg5 Be7 6. e3 h6 7. Bf4 a6 8. Bd3
c5 9. dxc5 Bxc5 10. Nf3 Nc6 11. O-O O-O 12. h3 Qe7 13. Rc1 Rd8 14. Na4 Ba7 15.
Re1 Ne4 16. a3 Bf5 17. Qb3 g5 18. Bh2 h5 19. Nb6 Na5 20. Qb4 Qxb4 21. axb4 Bxb6
22. bxa5 Bxa5 23. Red1 g4 24. Nd4 Bg6 25. hxg4 hxg4 26. Bc7 Bxc7 27. Rxc7 Rab8
28. Bxa6 bxa6 29. Nc6 Kg7 30. Nxd8 Rxd8 31. Rc6 Rb8 32. f3 Nf6 33. Rxa6 Rxb2 34.
Ra3 g3 35. Kf1 Bf5 36. Re1 Bd7 37. Ra5 Bb5+ 38. Kg1 d4 39. exd4 Nd5 40. Rea1 Bc4
41. f4 Nxf4 42. Rf5 Rxg2+ 0-1

[Event "KL Chess Open 2014"]
[Site "Kuala Lumpur MAS"]
[Date "2014.04.04"]
[Round "1.23"]
[White "Pascua, Haridas"]
[Black "Savant, Riya"]
[Result "1/2-1/2"]
[WhiteTitle "FM"]
[BlackTitle "WFM"]
[WhiteElo "2375"]
[BlackElo "1938"]
[WhiteFideId "5203953"]
[BlackFideId "5067359"]
[EventDate "2014.04.04"]

1. Nf3 d5 2. c4 e6 3. g3 Nf6 4. Bg2 Be7 5. O-O O-O 6. b3 b6 7. Bb2 Bb7 8. Qc2
Nbd7 9. d3 c5 10. Nbd2 d4 11. e4 e5 12. Bh3 Qc7 13. Nh4 g6 14. Ng2 Nh5 15. Rae1
Rae8 16. Qd1 Bc8 17. f4 exf4 18. gxf4 Ndf6 19. Bxc8 Qxc8 20. e5 Ng4 21. f5 Bg5
22. Ne4 Be3+ 23. Kh1 Nxe5 24. Nxe3 dxe3 25. Rxe3 Qc6 26. Kg1 f6 27. fxg6 hxg6
28. Nxf6+ Rxf6 29. Rxe5 Ref8 30. Ree1 Nf4 31. Qg4 Rf5 32. h4 Nxd3 33. Rxf5 Rxf5
34. Re2 Nxb2 35. Rxb2 Qf6 36. Re2 Kf7 37. Qe4 Qd4+ 38. Qxd4 cxd4 39. Re4 d3 40.
Rd4 Rf3 41. Kg2 Re3 42. Kf2 Re2+ 43. Kf3 Rxa2 44. Rxd3 Ke6 45. Kg3 Rb2 46. Kf4
Rf2+ 47. Kg4 Rg2+ 48. Kh3 Rb2 49. Kg4 Rg2+ 50. Kh3 Rb2 51. Kg4 Rg2+ 52. Kh3 Rb2
53. Kg4 Rg2+ 1/2-1/2